Кн. 1; Т. 1-2: Древняя Русь. Киевская Русь; История государства Российского

מידע ביבליוגרפי
Parent link:История государства Российского: в 12 т./ Н. М. Карамзин. Кн. 1; Т. 1-2: Древняя Русь. Киевская Русь.— , 1993-
שפה:רוסית
יצא לאור: 1993
נושאים:
פורמט: ספר
KOHA link:https://koha.lib.tpu.ru/cgi-bin/koha/opac-detail.pl?biblionumber=15909

MARC

LEADER 00000nam0a2200000 4500
001 15909
005 20241126063146.0
010 |a 5239016518 
035 |a (RuTPU)RU\TPU\book\16026 
035 |a BOOK00016095 
090 |a 15909 
100 |a 20011209d1993 km y0rusy50 ca 
101 0 |a rus 
102 |a RU 
105 |a a z 000zd 
200 0 |a Кн. 1; Т. 1-2: Древняя Русь. Киевская Русь 
210 |d 1993 
215 |a 366 с.  |c ил. 
461 |t История государства Российского  |o в 12 т.  |f Н. М. Карамзин  |v Кн. 1; Т. 1-2: Древняя Русь. Киевская Русь  |d 1993- 
600 0 |a Рюрик  |c глава варяжского военного отряда, призванный на Русь  |c основатель династии Рюриковичей  |f 9 в.  |2 stltpui  |3 (RuTPU)RU\TPU\pers\679 
600 0 |a Олег Вещий  |c русский князь  |f ? - 912 г.  |2 stltpush  |3 (RuTPU)RU\TPU\pers\9908 
600 0 |a Игорь  |c великий князь киевский  |f ?-945  |2 stltpush  |3 (RuTPU)RU\TPU\pers\10092 
600 0 |a Святослав  |c киевский князь  |f ? - 972  |c сын князя Игоря  |d I  |2 stltpush  |3 (RuTPU)RU\TPU\pers\9913 
600 0 |a Ярополк  |d I  |f ?-980  |c киевский князь  |2 stltpui  |3 (RuTPU)RU\TPU\pers\690 
600 0 |a Владимир Святославич Красное Солнышко  |d I  |c Святой  |c князь новгородский  |c великий князь киевский  |f ?-1015  |2 stltpush  |3 (RuTPU)RU\TPU\pers\9923 
600 0 |a Святополк Окаянный  |d I  |c великий князь киевский  |f около 980 - 1019  |2 stltpush  |3 (RuTPU)RU\TPU\pers\9944 
600 0 |a Ярослав Мудрый  |d I  |c русский князь  |c великий князь киевский  |c сын Владимира I  |f около 978-1054  |2 stltpush  |3 (RuTPU)RU\TPU\pers\5669 
600 0 |a Изяслав Ярославич  |f 1024-1078  |c великий князь киевский  |c сын Ярослава Мудрого  |2 stltpui  |3 (RuTPU)RU\TPU\pers\687 
600 0 |a Всеволод Ярославич  |d I  |c князь переяславский, черниговский  |c великий князь киевский  |f 1030-1093  |c сын Ярослава Мудрого  |2 stltpush  |3 (RuTPU)RU\TPU\pers\11388 
600 0 |a Святополк  |d II  |c князь полоцкий, новгородский и туровский  |c великий князь киевский  |c сын великого князя Изяслава Ярославича  |f 1050-1113  |2 stltpush  |3 (RuTPU)RU\TPU\pers\10094 
600 0 |a Владимир Мономах  |d II  |f 1053-1125  |c великий князь киевский  |c князь смоленский, черниговский, переяславский  |c сын Всеволода I  |c писатель  |2 stltpush  |3 (RuTPU)RU\TPU\pers\5607 
600 0 |a Мстислав Владимирович  |c великий князь киевский  |c сын Владимира Мономаха  |f 1076-1132  |2 stltpush  |3 (RuTPU)RU\TPU\pers\11393 
600 0 |a Ярополк Владимирович  |c великий князь киевский  |f ?-1139  |2 stltpush  |3 (RuTPU)RU\TPU\pers\14000 
600 0 |a Всеволод Ольгович  |d II  |c великий князь киевский  |f ?-1146  |c князь черниговский  |2 stltpush  |3 (RuTPU)RU\TPU\pers\14001 
600 0 |a Игорь Ольгович  |c великий князь киевский  |f ?-1147  |2 stltpush  |3 (RuTPU)RU\TPU\pers\14008 
600 0 |a Изяслав Мстиславич  |c великий князь киевский  |f около 1097-1154  |c князь владимиро-волынский и переяславский  |c внук Владимира Мономаха  |2 stltpush  |3 (RuTPU)RU\TPU\pers\14009 
600 0 |a Ростислав Мстиславич  |c великий князь киевский  |f 1110-1167  |c внук Владимира Мономаха  |2 stltpush  |3 (RuTPU)RU\TPU\pers\14010 
600 0 |a Юрий Долгорукий  |c князь суздальский  |f 90-е гг.11 в.-1157  |c великий князь киевский  |c сын Владимира Мономаха  |2 stltpush  |3 (RuTPU)RU\TPU\pers\5914 
600 0 |a Изяслав Давидович  |c великий князь киевский  |f ?-1162  |2 stltpush  |3 (RuTPU)RU\TPU\pers\14011 
600 0 |a Андрей Боголюбский  |c великий князь владимиро-суздальский  |f 1111-1174  |c сын Юрия Долгорукого  |2 stltpush  |3 (RuTPU)RU\TPU\pers\9947 
600 0 |a Мстислав Изяславич  |c князь переяславский и волынский  |c великий князь киевский  |f ?-1170  |c сын Изяслава Мстиславича  |2 stltpush  |3 (RuTPU)RU\TPU\pers\14018 
606 |a Россия  |x История  |7 ca  |8 rus  |9 81526 
610 1 |a славяне 
610 1 |a древние славяне 
610 1 |a великие князья 
610 1 |a князья русские 
686 |a Т3(2)  |2 rubbk 
801 0 |a RU  |b 63413507  |c 20011209  |g PSBO 
801 2 |a RU  |b 63413507  |c 20161111  |g PSBO 
942 |c BK